000 00201 a2200097 4500
001 10559
100 _aHume, K J
245 _aEngineering Metrology.
260 _a
_bMacdonald
_c
090 _c8171
_d8171
942 _aNUST-CAE
_cM
_c34902
999 _c245632
_d245632